Statistics for Modern Business Decisions
Uložené v:
| Hlavný autor: | |
|---|---|
| Médium: | Kniha |
| Jazyk: | English |
| Vydavateľské údaje: |
San Diego
Harcourt Brace Jovanovich
1990
|
| Vydanie: | 5. ed. |
| Predmet: | |
| Tagy: |
Žiadne tagy, Buďte prvý, kto otaguje tento záznam!
|
MARC
| LEADER | 00000nam a2200000 4500 | ||
|---|---|---|---|
| 001 | c019377 | ||
| 005 | 20221206122722.8 | ||
| 020 | |a 0-15-583705-2 | ||
| 041 | 0 | |a eng | |
| 044 | |a US | ||
| 245 | 1 | 0 | |a Statistics for Modern Business Decisions |c Lawrence L. Lapin |
| 250 | |a 5. ed. | ||
| 264 | 1 | |a San Diego |b Harcourt Brace Jovanovich |c 1990 | |
| 300 | |a 1021 s. | ||
| 610 | 2 | 0 | |a štatistika |
| 610 | 2 | 0 | |a štatistika aplikovaná |
| 610 | 2 | 0 | |a údaje štatistické |
| 610 | 2 | 0 | |a pravdepodobnosť |
| 610 | 2 | 0 | |a metódy štatistické |
| 610 | 2 | 0 | |a odhad štatistický |
| 610 | 2 | 0 | |a hypotézy štatistické |
| 610 | 2 | 0 | |a testovanie hypotéz |
| 610 | 2 | 0 | |a regresia |
| 610 | 2 | 0 | |a korelácia |
| 610 | 2 | 0 | |a experimenty |
| 610 | 2 | 0 | |a analýza korelačná |
| 610 | 2 | 0 | |a analýza regresná |
| 610 | 2 | 0 | |a analýza rozhodovacia |
| 610 | 2 | 0 | |a prognózovanie |
| 610 | 2 | 0 | |a kontrola štatistická |
| 610 | 2 | 0 | |a rozhodovanie |
| 610 | 2 | 0 | |a teória rozhodovania |
| 100 | 1 | |a Lapin, Lawrence L. | |